000 00958nam a22003137a 4500
003 CHAP
005 20220329140227.0
008 971013s1981 r 00010 d
010 _a48870
011 _a49842
035 _a53992
040 _cCHAP
090 _aFolleto 7378
110 _aVenezuela. Leyes, decretos, etc.
_9175432
245 _aLeyes fitosanitarias
260 _aCaracas :
_bDirección de Sanidad Vegetal,
_c1981
300 _a15 p.
590 _aBATCH-UPD
_b10
_c20130110
_lUCH01
_h0228
590 _aBATCH-UPD
_b10
_c20130110
_lUCH01
_h0839
590 _aBATCH-UPD
_b10
_c20130409
_lUCH01
_h2250
590 _aBATCH-UPD
_b10
_c20130914
_lUCH01
_h1910
590 _aCONVERSION
_b10
_c20130109
_lUCH01
_h1327
650 1 4 _aPesticidas
_xLeyes.
_987561
650 1 4 _aPlantas
_xCuarentena.
_988811
650 1 4 _aSemillas
_xCertificación.
_9103883
901 _aBK
942 _cFOLL
949 _aFolleto 7378
_bBC
_cFOLL
_d-119368
_eTS1
_i53992
_mD
_si
999 _c48870
_d48870